=LDR 00000nam 2200000 4500 =001 INLIS000000000044658 =005 20131008110414 =008 ***********************************Ind** =035 ##$$0010-101300000002580 =041 ##$$a Ind =082 ##$$a 813 =090 ##$$a 813 , Cow h =100 ##$$a Cowell, Cressida =245 ##$$a How to Twist a dragon's tale , Cressida cowell =260 ##$$a 2011 $b Bandung =300 ##$$a 276 hlm, 19 cm =850 ##$$a NBPNMAT